| 000 | 00949cad a22002295a 4500 | ||
|---|---|---|---|
| 001 | L154113 | ||
| 008 | 111017s2011 xxk f 000 0 eng d | ||
| 035 | _a(Sirsi) u154113 | ||
| 041 | 0 | _aeng | |
| 110 | 2 |
_aCMS Cameron McKenna _95874 |
|
| 245 | 0 | 0 |
_aExpert determination in construction contracts _h[electronic resource] |
| 260 |
_aLondon _bCMS Cameron McKenna LLP _c2011 |
||
| 490 | 0 | _aLaw-Now Article | |
| 520 | _aThe role of expert determination as a way of settling disputes; dispute resolution options, arbitration, adjudication. | ||
| 590 | _aKA NTK | ||
| 651 | 4 |
_aEngland and Wales _y1543- |
|
| 651 | 4 | _aAustralia | |
| 690 | _aBUILT ENVIRONMENT-CONSTRUCTION MANAGEMENT-BUILDING CONTRACT ADMINISTRATION | ||
| 690 | _aMANAGEMENT-DISPUTE AVOIDANCE, MANAGEMENT AND RESOLUTION-DISPUTE MANAGEMENT AND RESOLUTION | ||
| 856 | 4 | 0 |
_uhttps://www.law-now.com/law-now/about.htm _zView this item via free registration at law-now.com |
| 942 | _n0 | ||
| 999 |
_c112847 _d112847 |
||